Obras de Juan Pablo Forner / (Registro nro. 54395)
[ vista simple ]
| 000 -LEADER | |
|---|---|
| campo de control de longitud fija | 00588nam a22001815i 4500 |
| 001 - NÚMERO DE CONTROL | |
| campo de control | 54395 |
| 003 - IDENTIFICADOR DE NÚMERO DE CONTROL | |
| campo de control | ES-MaACL |
| 005 - FECHA Y HORA DE LA ÚLTIMA TRANSACCIÓN | |
| campo de control | 20251014063119.0 |
| 007 - CAMPO FIJO DE DESCRIPCIÓN FÍSICA--INFORMACIÓN GENERAL | |
| campo de control de longitud fija | t| |
| 008 - DATOS DE LONGITUD FIJA--INFORMACIÓN GENERAL | |
| campo de control de longitud fija | 960722s1843 sp ||||1| spa d |
| 100 1# - ENTRADA PRINCIPAL--NOMBRE DE PERSONA | |
| Nombre de persona | Forner, Juan Pablo, |
| Fechas asociadas al nombre | 1756-1797 |
| 9 (RLIN) | 51775 |
| 245 10 - MENCIÓN DEL TÍTULO | |
| Título | Obras de Juan Pablo Forner / |
| Mención de responsabilidad, etc. | recogidas y ordenadas por Luis Villanueva. |
| 260 ## - PUBLICACIÓN, DISTRIBUCIÓN, ETC. | |
| Lugar de publicación, distribución, etc. | Madrid : |
| Nombre del editor, distribuidor, etc. | [s.n.], |
| Fecha de publicación, distribución, etc. | 1843 ( |
| Fabricante | Imp. de La Amistad) |
| 300 ## - DESCRIPCIÓN FÍSICA | |
| Extensión | XXII, 424, [4] en bl., ; |
| Dimensiones | 21 cm. |
| 700 1# - ENTRADA AGREGADA--NOMBRE PERSONAL | |
| Nombre de persona | Villanueva y Cañedo, Luis, |
| Fechas asociadas al nombre | 1824-1902 |
| 9 (RLIN) | 175874 |
| 852 4# - LOCALIZACIÓN | |
| Ubicación | ES-MaACL |
| Número de control de estantería | G-13027 |
| Estatus retirado | Estado de pérdida | Estado de daño | No para préstamo | Colección | Biblioteca de origen | Biblioteca actual | Ubicación en estantería | Fecha de adquisición | Fuente de adquisición | Total de préstamos | Signatura topográfica completa | Código de barras | Visto por última vez | Precio de reemplazo | Tipo de ítem Koha |
|---|---|---|---|---|---|---|---|---|---|---|---|---|---|---|---|
| Libros del s. XIX | Biblioteca del Ateneo de Madrid | Biblioteca del Ateneo de Madrid | Sala Pecera Planta 3 | 17/01/2008 | G-13027 | 1057159 | 23/02/2023 | 23/02/2023 | Libro impreso antiguo |
